| 000 | 01244nam a22004097a 4500 | ||
|---|---|---|---|
| 001 | 0033105 | ||
| 003 | KOHA_MİRAKIL | ||
| 005 | 20260207002845.0 | ||
| 007 | ta | ||
| 008 | 111014b1999 tu |||gr||||#||||0|tur | | ||
| 020 |
_a9754868094 _cYTL4 |
||
| 040 |
_aTR-BiSEU _btur _cTR-BiSEU _erda |
||
| 041 | 0 | _atur | |
| 044 | _ctu | ||
| 050 |
_aHF5415.13 _b.I85 1999 |
||
| 100 | 1 | _aİslamoğlu, Ahmet Hamdi. | |
| 245 | 1 |
_aPazarlama yönetimi : _bstratejik ve global yaklaşım/ _cAhmet Hamdi İslamoğlu ; Ahmet Hamdi İslamoğlu. |
|
| 264 | 1 |
_aİstanbul : _bBeta _c1999 |
|
| 300 |
_axvi, 568 s. ; _c21 cm. |
||
| 336 |
_ametin _btxt _2rdacontent |
||
| 337 |
_aaracısız _bn _2rdamedia |
||
| 338 |
_acilt _bnc _2rdacarrier |
||
| 490 | 1 | _aBeta Yayın No. | |
| 490 | 1 |
_a ; _v1683. |
|
| 490 | 1 |
_aİşletme-Ekonomi Dizisi ; _v190 |
|
| 500 | _aKaynakça var. | ||
| 650 | 0 |
_aStratejik pazarlama. _93531 |
|
| 650 | 0 |
_aPazarlama yönetimi. _93532 |
|
| 650 | 0 |
_aRekabet. _93533 |
|
| 650 | 0 |
_aStrategic marketing. _942956 |
|
| 650 | 0 |
_aMarketing management. _925017 |
|
| 650 | 0 |
_aCompetition. _94785 |
|
| 830 | 1 |
_aBeta Yayın No. _91882 |
|
| 830 | 1 |
_a ; _v1683. _91620 |
|
| 830 | 1 |
_aİşletme-Ekonomi Dizisi ; _v190 _92839 |
|
| 942 |
_2lcc _cBK |
||
| 999 |
_c33216 _d33216 |
||